20 personnages de mangas en images - Statistiques

Statistiques générales
  • Ce quiz a été pris 74 fois
  • Le résultat moyen est 12 sur 20
Statistiques - réponses
Par images Réponse % Correct
Gaara
93%
Hisoka
89%
Inosuke
89%
Meliodas
89%
Mikasa
85%
Sarada
80%
Gohan
79%
Genos
77%
Koro
74%
Grey
72%
Nico Robin
70%
Scar
57%
Rukia
54%
Ochako
51%
Kenshin
46%
Aralé
43%
Inuyasha
34%
Yusuke
30%
Ikki
18%
Ryo
15%
Aucun quiz correspondant
Distribution des résultats
% des personnes avec chaque résultat
Percentile par nombre de réponses
Votre historique - résultats
Vous n’avez pas pris ce quiz